00931nam a22002777a 4500001000400000003000600004005001700010008004100027020001800068040003000086042001400116050002500130082001400155100002900169245009300198260003500291300002900326520014500355521001900500521001800519650002700537650002500564650002300589650001900612650002200631250FISKH20230310123903.0230310b cb ||||| |||| 00| 0 eng d a9780547942193 aDLCcDLCdDLCdFISKHbeng alcacapcc00aPZ7.H231323bJt 201100a813.62231 aHarper, Charise Mericle.10aJust Grace and the double surprise /cwritten and illustrated by Charise Mericle Harper. aBostonbHoughton Mifflinc2011 a167 p. :bill. ;c20 cm. aWhile Grace and her best friend Mimi are waiting for the arrival of the baby sister Mimi's family plans to adopt, Grace gets a big surprise.8 a650 bLexile8 aM bRaz-Plus 1aBest friendsvFiction. 1aFriendshipvFiction. 1aSiblingsvFiction. 1aDogsvFiction. 1aSchoolsvFiction.